000 00424nam a22001697a 4500
005 20230829135148.0
008 221219b |||||||| |||| 00| 0 eng d
020 _a978-935014-571-5
041 _aeng
082 _a642.1-CHA-D
100 _aCHANDRAK , Dr. N.R
_98170
245 _aDESIGN OF STEEL STRUCTURES
250 _a1st ed.
260 _aNEW DELHI
_bS.K. KATARIA & SONS
_c2022
300 _a455;P.
942 _cBK
999 _c8122
_d8120